| 000 | 00764 a2200253 4500 | ||
|---|---|---|---|
| 003 | CBULib | ||
| 005 | 20231219082624.0 | ||
| 008 | 231219b |||||||| |||| 00| 0 eng d | ||
| 020 | _a9780323476331 | ||
| 040 |
_bEnglish _cCBULib _erda |
||
| 041 | _aeng | ||
| 050 | _aRC 48 Fow | ||
| 100 | _aFowler, Grant C. | ||
| 245 |
_aPfenninger and Fowler's procedures for primary care _c/ by Grant C. Fowler |
||
| 250 | _aFourth edition. | ||
| 260 |
_bElsevier, _c2020. _aPhiladelphia : |
||
| 300 | _axxiv, 1693 pages : illustrations | ||
| 336 |
_2rdacontent _aText | _btxt |
||
| 337 |
_2rdamedia _aUnmediated | _bn |
||
| 338 |
_2rdacarrier _aVolume _bnc |
||
| 650 | 0 |
_2OCLC _91467 _aPRIMARY CARE ( MEDICINE) |
|
| 650 | 0 |
_2OCLC _91468 _aSURGERY, MINOR |
|
| 942 |
_2lcc _c002 |
||
| 999 |
_c83549 _d83549 |
||